| 000 | 00472nam a2200157 a 4500 | ||
|---|---|---|---|
| 005 | 20140513081049.0 | ||
| 008 | 020906s19uu xx 00 eng d | ||
| 020 | _a1-919736-31-X | ||
| 050 |
_aP 597.9 _bRep 2000 |
||
| 245 | _aReptiles. | ||
| 260 |
_aJohannesburg, South Africa : _bThe Chart Studio (Pty) Ltd, _c2000. |
||
| 300 | _aPoster | ||
| 520 | _aReptiles were the first animals with backbones that adapted to life on land. | ||
| 650 | _aReptiles | ||
| 999 |
_c116255 _d116255 |
||